000
00318nam a22001457a 4500
020
_a
978-019-275250
082
_a
823
_b
PIE/S
100
_a
PIELICHATY, HELENA
245
_a
JOLENE
260
_a
LONDON
_b
OXFORD UNIVERSITY PRESS
_c
2003
300
_a
148
520
_a
SHORT STORY
650
_a
SHORT STORY
942
_c
BK
999
_c
6133
_d
6133